<?xml version="1.0" encoding="UTF-8"?>
<collection xmlns="http://www.loc.gov/MARC21/slim">
<record>
  <controlfield tag="001">118062</controlfield>
  <controlfield tag="005">20250214141227.0</controlfield>
  <datafield tag="024" ind1="7" ind2=" ">
    <subfield code="2">doi</subfield>
    <subfield code="a">10.1016/j.sysarc.2022.102553</subfield>
  </datafield>
  <datafield tag="024" ind1="8" ind2=" ">
    <subfield code="2">sideral</subfield>
    <subfield code="a">128827</subfield>
  </datafield>
  <datafield tag="037" ind1=" " ind2=" ">
    <subfield code="a">ART-2022-128827</subfield>
  </datafield>
  <datafield tag="041" ind1=" " ind2=" ">
    <subfield code="a">eng</subfield>
  </datafield>
  <datafield tag="100" ind1=" " ind2=" ">
    <subfield code="a">Landeros Muñoz, N.</subfield>
    <subfield code="0">(orcid)0000-0001-8606-7609</subfield>
  </datafield>
  <datafield tag="245" ind1=" " ind2=" ">
    <subfield code="a">Gated-CNN: Combating NBTI and HCI aging effects in on-chip activation memories of Convolutional Neural Network accelerators</subfield>
  </datafield>
  <datafield tag="260" ind1=" " ind2=" ">
    <subfield code="c">2022</subfield>
  </datafield>
  <datafield tag="506" ind1="0" ind2=" ">
    <subfield code="a">Access copy available to the general public</subfield>
    <subfield code="f">Unrestricted</subfield>
  </datafield>
  <datafield tag="520" ind1="3" ind2=" ">
    <subfield code="a">Negative Bias Temperature Instability (NBTI) and Hot Carrier Injection (HCI) are two of the main reliability threats in current technology nodes. These aging phenomena degrade the transistor''s threshold voltage (Vth) over the lifetime of a digital circuit, resulting in slower transistors that eventually lead to a faulty operation when the critical paths become longer than the processor cycle time. Among all the transistors on a chip, the most vulnerable transistors to such wearout effects are those used to implement SRAM storage, since memory cells are continuously degrading. In particular, NBTI ages PMOS cell transistors when a given logic value is stored for a long period (i.e., a long duty cycle), whereas HCI ages NMOS cell transistors not only when the stored value flips but also when it is accessed. This work focuses on mitigating aging in the on-chip SRAM memories of Convolutional Neural Network (CNN) accelerators storing activations. This paper makes two main contributions. At the software level, we quantify the aging induced by current CNN benchmarks with a characterization study of duty cycle, flip, and access patterns in every activation memory cell. Based on the insights from this study, this work proposes a novel microarchitectural technique, Gated-CNN, that ensures a uniform aging degradation of every memory cell. To do so, Gated-CNN exploits power-gating and address rotation techniques tailored to the memory demands and temporal/spatial localities exhibited by CNN applications, as well as the memory organization and management of CNN accelerators. Experimental results show that, compared to a conventional design, the average Vth degradation savings are at least as much as 49% depending on the type of transistor.</subfield>
  </datafield>
  <datafield tag="536" ind1=" " ind2=" ">
    <subfield code="9">info:eu-repo/grantAgreement/ES/DGA-ESF/T58-20R</subfield>
    <subfield code="9">info:eu-repo/grantAgreement/ES/MINECO-AEI-ERDF/PID2019-105660RB-C21</subfield>
  </datafield>
  <datafield tag="540" ind1=" " ind2=" ">
    <subfield code="9">info:eu-repo/semantics/openAccess</subfield>
    <subfield code="a">by</subfield>
    <subfield code="u">http://creativecommons.org/licenses/by/3.0/es/</subfield>
  </datafield>
  <datafield tag="590" ind1=" " ind2=" ">
    <subfield code="a">4.5</subfield>
    <subfield code="b">2022</subfield>
  </datafield>
  <datafield tag="591" ind1=" " ind2=" ">
    <subfield code="a">COMPUTER SCIENCE, SOFTWARE ENGINEERING</subfield>
    <subfield code="b">22 / 108 = 0.204</subfield>
    <subfield code="c">2022</subfield>
    <subfield code="d">Q1</subfield>
    <subfield code="e">T1</subfield>
  </datafield>
  <datafield tag="591" ind1=" " ind2=" ">
    <subfield code="a">COMPUTER SCIENCE, HARDWARE &amp; ARCHITECTURE</subfield>
    <subfield code="b">11 / 54 = 0.204</subfield>
    <subfield code="c">2022</subfield>
    <subfield code="d">Q1</subfield>
    <subfield code="e">T1</subfield>
  </datafield>
  <datafield tag="592" ind1=" " ind2=" ">
    <subfield code="a">1.276</subfield>
    <subfield code="b">2022</subfield>
  </datafield>
  <datafield tag="593" ind1=" " ind2=" ">
    <subfield code="a">Software</subfield>
    <subfield code="c">2022</subfield>
    <subfield code="d">Q1</subfield>
  </datafield>
  <datafield tag="593" ind1=" " ind2=" ">
    <subfield code="a">Hardware and Architecture</subfield>
    <subfield code="c">2022</subfield>
    <subfield code="d">Q1</subfield>
  </datafield>
  <datafield tag="594" ind1=" " ind2=" ">
    <subfield code="a">8.5</subfield>
    <subfield code="b">2022</subfield>
  </datafield>
  <datafield tag="655" ind1=" " ind2="4">
    <subfield code="a">info:eu-repo/semantics/article</subfield>
    <subfield code="v">info:eu-repo/semantics/publishedVersion</subfield>
  </datafield>
  <datafield tag="700" ind1=" " ind2=" ">
    <subfield code="a">Valero, A.</subfield>
    <subfield code="u">Universidad de Zaragoza</subfield>
    <subfield code="0">(orcid)0000-0002-0824-5833</subfield>
  </datafield>
  <datafield tag="700" ind1=" " ind2=" ">
    <subfield code="a">Gran Tejero, R.</subfield>
    <subfield code="u">Universidad de Zaragoza</subfield>
    <subfield code="0">(orcid)0000-0002-4031-5651</subfield>
  </datafield>
  <datafield tag="700" ind1=" " ind2=" ">
    <subfield code="a">Zoni, D.</subfield>
  </datafield>
  <datafield tag="710" ind1="2" ind2=" ">
    <subfield code="1">5007</subfield>
    <subfield code="2">035</subfield>
    <subfield code="a">Universidad de Zaragoza</subfield>
    <subfield code="b">Dpto. Informát.Ingenie.Sistms.</subfield>
    <subfield code="c">Área Arquit.Tecnología Comput.</subfield>
  </datafield>
  <datafield tag="773" ind1=" " ind2=" ">
    <subfield code="g">128 (2022), 102553 [13 pp.]</subfield>
    <subfield code="p">J. systems archit.</subfield>
    <subfield code="t">Journal of Systems Architecture</subfield>
    <subfield code="x">1383-7621</subfield>
  </datafield>
  <datafield tag="856" ind1="4" ind2=" ">
    <subfield code="s">1354723</subfield>
    <subfield code="u">http://zaguan.unizar.es/record/118062/files/texto_completo.pdf</subfield>
    <subfield code="y">Versión publicada</subfield>
  </datafield>
  <datafield tag="856" ind1="4" ind2=" ">
    <subfield code="s">2677147</subfield>
    <subfield code="u">http://zaguan.unizar.es/record/118062/files/texto_completo.jpg?subformat=icon</subfield>
    <subfield code="x">icon</subfield>
    <subfield code="y">Versión publicada</subfield>
  </datafield>
  <datafield tag="909" ind1="C" ind2="O">
    <subfield code="o">oai:zaguan.unizar.es:118062</subfield>
    <subfield code="p">articulos</subfield>
    <subfield code="p">driver</subfield>
  </datafield>
  <datafield tag="951" ind1=" " ind2=" ">
    <subfield code="a">2025-02-14-14:11:19</subfield>
  </datafield>
  <datafield tag="980" ind1=" " ind2=" ">
    <subfield code="a">ARTICLE</subfield>
  </datafield>
</record>
</collection>